000 00707nam a2200241Ia 4500
003 OSt
005 20221007075951.0
006 a|||||r|||| 00| 0
007 ta
008 221006b |||||||| |||| 00| 0 eng d
020 _a9789386602565
024 _a45,549
037 _cTextual
040 _aFLL
_cFLL
_beng
041 _2eng
_aeng
082 _aY15:7:7.2, Q8
100 _aCHATTOPADHYAY Sujit Kumar
_9694461
245 0 _aGender specialization and the making of gender in the Indian context
260 _aNew Delhi
_bSAGE Publications India
_c2018
300 _axxvi,273p.
_ccm.
942 _hY15:7:7.2, Q8
_cTEXL
_2CC
999 _c1157965
_d1157965